[Event "Elbow Beach Club GM-A"]
[Site "Paget Parish"]
[Date "2001.01.25"]
[Round "6"]
[White "Shabalov, Alexander"]
[Black "Lesiege, Alexandre"]
[Result "1-0"]
[WhiteElo "2570"]
[BlackElo "2582"]
[Annotator "Ftacnik,L"]
[PlyCount "59"]
[EventDate "2001.01.20"]
[EventType "tourn"]
[EventRounds "10"]
[EventCountry "BER"]
[EventCategory "13"]
[SourceTitle "CBM 081"]
[Source "ChessBase"]
[SourceDate "2001.03.20"]
[SourceVersion "1"]
[SourceVersionDate "2001.03.20"]
[SourceQuality "1"]

1. e4 c5 2. Nf3 Nc6 3. d4 cxd4 4. Nxd4 Qc7 5. Nc3 e6 6. Be2 a6 7. O-O Nf6 8.
Be3 d6 9. f4 Be7 10. Qe1 O-O 11. Qg3 Nxd4 12. Bxd4 b5 13. a3 Bb7 14. Kh1 Bc6
15. Rae1 Qb7 16. Bd3 b4 17. Nd1 bxa3 18. bxa3 Rad8 19. Nf2 (19. c3 $5 g6 20.
Nf2 Nh5 21. Qe3 f6 $1 {ץd4} 22. Bc4 (22. f5 $5 e5 (22... gxf5 23. Qh6 Ng7 24.
Re3 Rf7 25. Rb1 $13) (22... exf5 $2 23. exf5 Bxg2+ 24. Kg1 Bxf1 25. Kxf1 $16)
23. Bb6 Rd7 $13) 22... Ng7 23. Rb1 Qc8 24. Rb6 Bb7 25. Ba2 $1 $14 {1-0 Shirov,
A-Kabatianski,A/Germany/1996/ (76)}) (19. Ne3 $6 Bxe4 20. Ng4 Bg6 $1 (20...
Bxd3 21. Nxf6+ Bxf6 22. Bxf6 Bg6 23. Bxd8 Rxd8 $44) 21. f5 exf5 $1 22. Rxe7
Qxe7 23. Nxf6+ gxf6 24. Qh4 (24. Re1 Qd7) 24... Rde8 25. Bxf6 Qe6 $15) 19... d5
$2 {[%mdl 32] The wrong strategy in a very popular line, black loses all the
power of the battery along the a8-h1 diagonal.} (19... Nh5 20. Qg4 g6 21. Nh3 (
21. f5 exf5 22. exf5 Bf6 23. Bxf6 Nxf6 24. Qg5 Kg7 25. Rb1 Qa8 26. Rb4 Rde8 27.
Rh4 Re5 {1/2-1/2 Borocz,I-Lazarev,V/Budapest/1998/ (42)}) 21... Bf6 22. Bxf6
Nxf6 23. Qh4 Kg7 24. f5 exf5 25. Rxf5 Qe7 26. Ra5 Rfe8 27. Rxa6 Bxe4 {1/2-1/2
Renet,O-Pogorelov,R/Las Palmas/1997/ (39)}) 20. Bxf6 Bxf6 21. Ng4 (21. e5 Be7
22. Ng4 g6 23. f5 $14) 21... Bc3 (21... Be7 22. e5 $14) 22. e5 $1 f5 (22...
Bxe1 23. Rxe1 (23. Nf6+ $6 Kh8 24. Qh3 h6 25. Ng4 d4 26. Rxe1 Kg8 27. Nxh6+
gxh6 28. Qxh6 f5 29. exf6 Rf7 $13) 23... f5 (23... d4 24. Bxh7+ $1 Kxh7 (24...
Kh8 25. Qh4 $18) 25. Nf6+ gxf6 26. exf6 Bxg2+ 27. Kg1 Rg8 28. Qh4+ Kg6 29. Qg5+
Kh7 30. Qh5#) 24. exf6) 23. exf6 Bxe1 24. Rxe1 g6 (24... Kh8 25. Qh4 g6 26.
Bxg6 $18) (24... gxf6 25. Nxf6+ Kf7 26. Qh4 $18) 25. Qh4 Rd7 (25... Rb8 26.
Bxg6 $1 hxg6 27. Nh6+ Kh7 28. Nf7+ Kg8 29. Qh8+ Kxf7 30. Qg7+ Ke8 31. Rxe6+ Kd8
32. Qxf8+ Kc7 33. Qd6+ Kb6 34. f7 Ka5 35. h3 $18) 26. h3 (26. Bxg6 $1 hxg6 27.
Nh6+ Kh8 (27... Kh7 28. f5 gxf5 29. f7 $18) 28. f5 gxf5 (28... exf5 29. Nf7+
Kg8 30. Qh8+ Kxf7 31. Qg7#) 29. f7 Rfxf7 30. Nxf7+ $18) 26... d4 27. Rxe6 {
White's attack is much stronger than feeble counterattack black is able to
generate on the diagonal.} Bxg2+ (27... Rb8 28. Re7 $18) 28. Kh2 Bh1 29. Re2
Bf3 (29... h5 30. Ne5 Bf3 31. Rf2 Bd5 32. Qg5 $18) (29... Bd5 30. Re7 h5 31.
Qg5 $18) 30. Re7 (30. Re7 Rxe7 31. fxe7 Qc8 (31... Re8 32. Qf6 $18) 32. Bc4+
Qxc4 (32... Kh8 33. exf8=Q+ Qxf8 34. Qg5) 33. exf8=Q+ Kxf8 34. Qd8+) 1-0

[Event "Olympiad-34"]
[Site "Istanbul"]
[Date "2000.11.09"]
[Round "12.4"]
[White "Bryson, Douglas Marshall"]
[Black "Sandler, Leonid"]
[Result "1-0"]
[WhiteElo "2370"]
[BlackElo "2416"]
[Annotator "Ftacnik,L"]
[PlyCount "45"]
[EventDate "2000.10.28"]
[EventType "team-swiss"]
[EventRounds "14"]
[EventCountry "TUR"]
[SourceTitle "EXT 2001"]
[Source "ChessBase"]
[SourceDate "2000.11.22"]
[SourceVersion "1"]
[SourceVersionDate "2000.11.22"]
[SourceQuality "1"]
[WhiteTeam "Scotland"]
[BlackTeam "Australia"]
[WhiteTeamCountry "SCO"]
[BlackTeamCountry "AUS"]

1. e4 c5 2. Nf3 e6 3. d4 cxd4 4. Nxd4 Nf6 5. Nc3 d6 6. f4 a6 7. Be2 Be7 8. O-O
O-O 9. Be3 Qc7 10. g4 Nc6 11. g5 Nxd4 12. Qxd4 Nd7 13. f5 Re8 14. fxe6 fxe6 15.
Bh5 g6 $2 {[%mdl 128] The weakening of the pawn structure in front of the king
will have far reaching consequances.} (15... Rf8 $1 16. Rxf8+ Bxf8 17. Rf1 Ne5
18. Nd5 Qd8 19. Nb6 Rb8 20. Nc4 (20. Bf4 Bd7 21. Bxe5 dxe5 22. Qxd7 Qxb6+ 23.
Kh1 Qd6 24. Bf7+ Kh8 25. Qxd6 Bxd6 26. Bxe6 {1/2-1/2 Fiorito,F-Sola,R/ARG/1997/
(73)}) 20... Nxc4 21. Bf7+ Kh8 22. Qxc4 Bd7 23. Qb3 Be7 24. Bxe6 Bxg5 25. Bd4 {
1-0 Kottke,M-Jeske,M/Boeblingen/1998/ (49)}) 16. Nd5 $1 exd5 (16... Qc6 17.
Nxe7+ Rxe7 18. Be2 $16) 17. Qxd5+ Kh8 18. Qf7 Qd8 (18... Rf8 19. Qxe7 $18) 19.
Bd4+ Ne5 (19... Bf6 20. gxf6 (20. Rxf6 Ne5 21. Rxg6 hxg6 22. Bxg6 Qxg5+ 23. Kh1
Qe7 24. Qxe8+ Qxe8 25. Bxe8 Bg4 26. Bf7 $16) 20... Rg8 21. Be2 $18) 20. Bxg6 $1
hxg6 21. Qxg6 {Black king can not be helped despite two extra light pieces,
since he has fallen deep into mating net.} Be6 (21... Rf8 22. Qh6+ Kg8 23. g6
Rxf1+ 24. Rxf1 Bf6 25. Qh7+ Kf8 26. g7+ $18) 22. Qh6+ Kg8 23. Qxe6+ (23. Qxe6+
Kh8 24. Rf7 Bxg5 25. Qg6 $18) 1-0

[Event "USA-ch"]
[Site "San Diego"]
[Date "2004.12.02"]
[Round "7"]
[White "Kraai, Jesse"]
[Black "Novikov, Igor A"]
[Result "0-1"]
[WhiteElo "2425"]
[BlackElo "2588"]
[Annotator "Ftacnik,L"]
[PlyCount "56"]
[EventDate "2004.11.24"]
[EventType "swiss"]
[EventRounds "9"]
[EventCountry "USA"]
[SourceTitle "CBM 105"]
[Source "ChessBase"]
[SourceDate "2005.04.11"]
[SourceVersion "1"]
[SourceVersionDate "2005.04.11"]
[SourceQuality "1"]

1. e4 c5 2. Nf3 d6 3. d4 cxd4 4. Nxd4 Nf6 5. Nc3 a6 6. Be2 e6 7. f4 Qc7 8. O-O
Be7 9. Be3 O-O 10. g4 Re8 11. g5 Nfd7 12. Bd3 (12. Bh5 g6 13. Bf3 Nc6 14. Qd2
$36) 12... Bf8 13. Qh5 g6 14. Qh4 b5 {[%mdl 4] White's aggressive set up is
more dangerous than the ususal lines with Kh1 and Bf3-g2 manouvers. On the
other hand all the pieces are located in a bit onesided manner, so white has
less scope to deal with unexpected problems.} (14... Nc6 15. Rf3 Bg7 16. Nde2
Ne7 (16... b5 17. Rh3 Nf8 18. f5 Ne5 19. f6 Bh8 20. a3 Rb8 21. b4 Bb7 22. Rf1 {
Kasparov,G-Anand,V/Moscow 1996/1-0 (35)}) (16... Nb4 17. Rh3 Nf8 18. Rf1 b5 19.
f5 exf5 20. exf5 Rxe3 21. Rxe3 Qc5 22. Rff3 gxf5 23. Qf2 {Cernousek,
L-Nicholson,J/Olomouc 2000/ 1-0 (49)}) (16... Qd8 17. Rh3 h6 18. Rf1 Nf8 19. e5
d5 20. Bc5 h5 21. Ng3 Ne7 22. a4 Nf5 23. Nxf5 exf5 24. a5 Be6 25. Bb6 Qc8 26.
Na4 {1-0 Moreno Carnero,J-Suba,M/Sanxenxo 2004/ (63)}) 17. Raf1 Nf8 (17... f5
18. gxf6 Bxf6 19. Qh3 Nc5 20. f5 exf5 21. Bc4+ Kh8 22. Qxh7+ Kxh7 23. Rh3+ Bh4
24. Rxh4+ Kg7 25. Bd4+ Kf8 26. Rh8+ Ng8 27. Rxg8+ Ke7 28. Nd5+ Kd7 29. Rg7+ {
Gajewski,G-Stypka,M/Lubniewice 2002/ 1-0}) 18. a4 Bd7 19. Qf2 b5 20. axb5 axb5
21. Nxb5 Bxb5 22. Bxb5 Reb8 23. Bd3 Rxb2 24. f5 exf5 25. exf5 Nxf5 26. Bxf5
gxf5 27. Rxf5 Rb7 {Klima,L-Baramidze,D/Cartak 2004/ 0-1 (39)}) 15. a3 (15. f5
Ne5 16. fxg6 fxg6 17. Rf2 Bg7 18. Raf1 Nbd7 $13) 15... Bb7 16. Rf3 Bg7 17. Rh3
Nf8 18. f5 exf5 (18... Be5 19. fxg6 fxg6 20. Rf1 Nc6 21. Nce2 $16) 19. exf5
Bxd4 $1 20. Bxd4 (20. Qxd4 Qc6 21. Bf1 Re5 22. fxg6 fxg6 (22... Qh1+ 23. Kf2
Rf5+ 24. Ke2 Bg2 25. gxh7+ Nxh7 26. Qh4 Bxf1+ 27. Rxf1 Qxf1+ 28. Kd2 Qg2+ 29.
Ne2 $14) 23. Qh4 Rf5 24. Bf4 $11) 20... Qc6 {Novikov correctly decided to
believe in the counterplay along the a8-h1 diagonal.} 21. Bf1 Nbd7 22. Rd1 (22.
Qf4 Ne5 23. Rd1 gxf5 24. Bxe5 (24. Qxf5 Qh1+ 25. Kf2 Bc8 $19) 24... Rxe5 $17)
22... Ne5 23. fxg6 $2 (23. Qg3 gxf5 24. Bg2 Qxg2+ 25. Qxg2 Bxg2 26. Kxg2 Rac8
$15) 23... fxg6 24. a4 (24. Qg3 Nf3+ 25. Kf2 Nxd4 26. Rxd4 Ne6 27. Rd5 (27.
Rxd6 Qc5+ 28. Ke1 Nf4+ $19) 27... Rf8+ 28. Kg1 Nf4 $19) 24... Nf3+ 25. Rxf3
Qxf3 26. axb5 axb5 (26... Ne6 27. bxa6 Rxa6 $19) 27. Bf6 Ra4 $1 {A nice
tactical solution, Kraai will be duly mated.} 28. Nxa4 (28. Qg3 Rg4 $19) 28...
Re2 0-1

[Event "BLR-ch 71st"]
[Site "Minsk"]
[Date "2005.03.04"]
[Round "1"]
[White "Trifonov, Denis"]
[Black "Dydyshko, Viacheslav"]
[Result "1/2-1/2"]
[WhiteElo "2347"]
[BlackElo "2567"]
[Annotator "Ftacnik,L"]
[PlyCount "113"]
[EventDate "2005.03.04"]
[EventType "tourn"]
[EventRounds "13"]
[EventCountry "BLR"]
[EventCategory "9"]
[SourceTitle "CBM 106"]
[Source "ChessBase"]
[SourceDate "2005.06.06"]
[SourceVersion "1"]
[SourceVersionDate "2005.06.06"]
[SourceQuality "1"]

1. e4 c5 2. Nf3 d6 3. d4 cxd4 4. Nxd4 Nf6 5. Nc3 a6 6. Be2 e6 7. Be3 Be7 8. a4
Nc6 9. O-O O-O 10. f4 Qc7 11. Kh1 Re8 12. a5 Nxa5 13. e5 dxe5 14. fxe5 Qxe5 15.
Bf4 Qc5 16. Na4 Qa7 17. Bc7 Nc4 $5 $146 {Very interesting novelty in a well
known sharp position, black will be able to decide which pieces remain on the
board.} (17... b5 18. Nb6 (18. Bxa5 bxa4 19. Bf3 Bb7 20. Nc6 Qe3 21. Rxa4 Bf8
22. Bc3 Qc5 23. Bd4 Qd6 {0-1 Klovans,J-Palac,M/Biel 1997/ (31)}) 18... Rb8 (
18... Qxc7 19. Nxa8 Qd8 20. Rxa5 Bb7 21. Bf3 Nd5 22. Qa1 Bd6 23. Rxa6 Be5 24.
Bxd5 Qxd5 25. Nf3 Bxa6 26. Nb6 Qb7 27. Nxe5 Qxb6 28. Rxf7 {1-0 Moroz,
A-Savchenko,S/Ordzhonikidze 2000/ (75)}) 19. Bxb8 Qxb6 20. Be5 Bb7 (20... Nc4
21. Bxc4 bxc4 22. Ra4 (22. Qf3 Bb7 23. Qf2 Qc5 24. Rae1 Rf8 25. Qg3 Nh5 26. Qg4
g6 {1/2-1/2 Berndt,S-David,A/Germany 2000/ (43)}) (22. Qe2 Bb7 23. Qxc4 Ng4 24.
Qe2 Nxe5 25. Qxe5 Bf6 26. Rxf6 gxf6 27. Qxf6 Rd8 28. Nf5 {1-0 Volokitin,
A-Savchenko,S/Bad Wiessee 2000/ (33)}) 22... Qc5 23. Qe2 Nd7 24. Nf3 Bb7 25.
Bc3 Qb5 26. Ra5 Qc6 {1/2-1/2 Volokitin,A-Brodsky,M/Ordzhonikidze 2001/ (30)})
21. Qd2 Nc4 22. Bxc4 {1/2-1/2 Berndt,S-Andersson,U/Germany 2003/ (22)}) 18.
Bxc4 b5 19. Nb6 (19. Be5 Bd7 $1 (19... bxc4 20. Nc6 Qb7 21. Nxe7+ Qxe7 22. Nb6
Ra7 23. Bxf6 gxf6 24. Nxc4 $14) 20. Bd3 bxa4 21. Bxf6 Bxf6 22. Rxf6 gxf6 23.
Qg4+ Kf8 24. Qh4 e5 25. Rf1 Qb6 $13) (19. Bb6 Qd7 20. Bb3 Qb7 $15) 19... bxc4 (
19... Qxc7 20. Nxa8 Qxc4 21. Nb6 Qc7 22. Nxc8 Qxc8 $11) 20. Nxa8 Qxa8 21. Qd2
Bb7 {Dydyshko has conciously decided to keep the bishop for the a8-h1 diagonal.
Black's position seems to be a bit better.} 22. Rae1 (22. Qf2 Be4 23. Qg3 Qd5
24. Rad1 Qh5 $15) 22... Bd5 $6 (22... Bc5 $1 23. c3 Ne4 24. Qc2 Bd5 $15) 23.
Qf2 Qb7 24. Be5 Bd8 25. Qg3 Nh5 26. Qg4 g6 27. Nf3 (27. Re2 f6 28. Bd6 e5 $15)
27... Nf6 (27... f6 28. Bc3 e5 $15) 28. Qf4 Ne4 29. Nd2 $2 {Trifonov doesn't
know how to handle strong black pieces that threaten to conquer the center.
The text move leads to an unpleasant ending for white.} (29. Bd4 f6 30. Qc1 e5
$15) 29... Bg5 30. Qxf7+ Qxf7 31. Rxf7 Kxf7 (31... Ng3+ $5 32. hxg3 Kxf7 33.
Ne4 Bxe4 34. Rxe4 Rc8 $17) (31... Nxd2 32. Rg7+ Kf8 33. Rxh7 Ra8 $17) 32. Nxe4
Bxe4 (32... Be7 33. Nd6+ Bxd6 34. Bxd6 $15) 33. Rxe4 Rc8 34. Kg1 Rc5 (34... Ke7
35. Kf2 Bf6 36. Bxf6+ Kxf6 37. Ke3 $17) 35. Kf1 Bf6 36. Bxf6 Kxf6 {[%mdl 4096]
Black has decided to try his luck in the rook endgame, since white bishop on
e5 was too dominant piece.} 37. Rh4 h5 38. Ke2 Rb5 (38... c3 39. bxc3 Rxc3 40.
Kd2 Rc6 41. Ra4 Kf5 42. h3 e5 $17) 39. Rxc4 Rxb2 40. Kd3 Rb5 41. g3 a5 42. Rc7
Kf5 43. h3 Kg5 (43... e5 44. Rf7+ Ke6 45. Rg7 Kf6 46. Ra7 $15) 44. Rh7 Rb1 45.
Ra7 Ra1 46. c4 Ra3+ 47. Kd4 Rxg3 48. c5 $1 {Trifonov seems to have done a good
job of looking for the counterplay, his c pawn should be able to save a draw.}
(48. Rxa5+ Kf4 49. h4 Rg1 50. c5 Rd1+ 51. Kc4 e5 52. c6 $132) 48... Rxh3 49. c6
Rh1 (49... e5+ 50. Kxe5 Rc3 51. Kd6 Rd3+ 52. Ke7 $11) (49... Rh4+ 50. Kc5 Rf4
51. Rxa5 Rf8 52. Kd6+ $11) 50. Rxa5+ Kf4 51. Ra4 Rc1 52. Rc4 $1 Ra1 53. c7 Ra8
54. c8=Q Rxc8 55. Rxc8 g5 56. Rf8+ Kg3 57. Ke3 (57. Ke3 h4 58. Rf3+ Kg2 59.
Rf2+ Kg3 60. Ke2 h3 61. Rf3+ Kg2 62. Rf2+ $11) 1/2-1/2

[Event "EU-Cup 19th"]
[Site "Rethymno"]
[Date "2003.09.28"]
[Round "1.3"]
[White "Navara, David"]
[Black "Tisdall, Jonathan D"]
[Result "1-0"]
[WhiteElo "2608"]
[BlackElo "2481"]
[Annotator "Ftacnik,L"]
[PlyCount "57"]
[EventDate "2003.09.28"]
[EventType "team-swiss"]
[EventRounds "7"]
[EventCountry "GRE"]
[SourceTitle "CBM 098"]
[Source "ChessBase"]
[SourceDate "2004.02.03"]
[SourceVersion "1"]
[SourceVersionDate "2004.02.03"]
[SourceQuality "1"]
[WhiteTeam "Lipovec"]
[BlackTeam "Asker"]
[WhiteTeamCountry "SVK"]
[BlackTeamCountry "NOR"]

1. e4 c5 2. Nf3 d6 3. d4 cxd4 4. Nxd4 Nf6 5. Nc3 a6 6. Be2 e6 7. a4 Nc6 8. O-O
Be7 9. Be3 O-O 10. f4 Qc7 11. Kh1 Re8 12. Bf3 Rb8 13. g4 Nxd4 14. Bxd4 e5 15.
fxe5 dxe5 16. Ba7 Ra8 17. g5 Bb4 18. Na2 Rxa7 $6 {[%mdl 4] Tisdall has made a
new move, but white will keep a solid edge out of the opening.} (18... a5 19.
Be3 Nd7 20. Nxb4 axb4 21. Qd2 Nf8 22. Qxb4 Qxc2 23. Rfc1 Qd3 24. Ra3 Qa6 25.
Bg2 {1-0 Tiviakov,S-Marcantoni,H/Paris 1991/ (51)}) (18... Ba5 19. Be3 Rd8 20.
Qe2 Ne8 21. c4 Be6 22. Rfc1 Qe7 23. Nc3 Bxc3 24. Rxc3 Nc7 25. c5 Bd7 26. b4 Ne6
{1/2-1/2 Dolmatov,S-Kalegin,E/Elista 1995/ (76)}) 19. Nxb4 (19. gxf6 Rd8 20.
Qe2 Bc5 $11) 19... a5 (19... Rd8 $6 20. Qe2 Ne8 21. Qf2 b6 (21... Ra8 22. Nd5
Qd6 23. Bh5 $18) 22. Nd5 Qc5 23. Nxb6 Qxf2 24. Rxf2 Be6 25. c4 $16) (19... Nd7
20. Nd5 Qd8 21. Qd2 b6 22. Rad1 $14) 20. gxf6 axb4 21. Qd2 $1 Qc5 (21... gxf6
$2 22. Qh6 $18) (21... Qd8 22. Qe3 b6 23. fxg7 Kxg7 24. Rfd1 (24. Rad1 $16))
22. fxg7 {White pawn on g7 is not a good omen for black, but Navara will have
to solve the riddle how to break towards the king.} (22. Qg5 g6 23. Qh6 Qf8 $11
) 22... Ra6 (22... Kxg7 23. Bh5 Be6 24. Qg5+ Kf8 25. Qh6+ Ke7 26. Qf6+ $18) 23.
Bh5 Be6 (23... Re7 24. Rad1 Qc7 25. Qd8+ Kxg7 26. Rg1+ $18) 24. Rad1 Qc6 (24...
Rxa4 25. Bxf7+ Bxf7 26. Rxf7 Kxf7 27. Qd7+ Qe7 (27... Re7 28. Rf1+ Kg8 29. Qd8+
Kxg7 30. Qf8+ Kg6 31. Qf6+ Kh5 32. Rf5+ $18) 28. Qxa4 Kg8 29. Rd7 $18) 25. Qg2
Rxa4 26. Rf6 Qc7 27. Rdf1 Ra6 (27... Re7 28. Rxe6 Rxe6 29. Bxf7+ Qxf7 30. Rxf7
$18) 28. Qg5 Re7 29. Qh6 $1 {Excellent, there is no way to prevent the killing
move Bg6!} (29. Qh6 $1 Bh3 30. Bg6 $1 $18) 1-0

[Event "EU-Cup 19th"]
[Site "Rethymno"]
[Date "2003.09.28"]
[Round "1.3"]
[White "Benderac, Srdjan"]
[Black "Horvath, Jozsef"]
[Result "0-1"]
[WhiteElo "2345"]
[BlackElo "2519"]
[Annotator "Ftacnik,L"]
[PlyCount "54"]
[EventDate "2003.09.28"]
[EventType "team-swiss"]
[EventRounds "7"]
[EventCountry "GRE"]
[SourceTitle "CBM 098"]
[Source "ChessBase"]
[SourceDate "2004.02.03"]
[SourceVersion "1"]
[SourceVersionDate "2004.02.03"]
[SourceQuality "1"]
[WhiteTeam "Glasinac"]
[BlackTeam "Zalaegerszeg"]
[WhiteTeamCountry "BIH"]
[BlackTeamCountry "HUN"]

1. e4 c5 2. Nf3 e6 3. d4 cxd4 4. Nxd4 Nc6 5. Nc3 Qc7 6. Be2 a6 7. O-O Nf6 8.
Kh1 d6 9. f4 Be7 10. Be3 O-O 11. Qe1 Nxd4 12. Bxd4 b5 13. a3 Bb7 14. Qg3 Rad8
15. Rae1 Rd7 16. Bd3 Re8 17. Qh3 e5 18. Bg1 {New move, that might prove to be
too passive. White has to take care about the square f4, that might become
vulnerable.} (18. Be3 Bd8 (18... Rdd8 19. fxe5 dxe5 20. Bg5 Rd6 21. Nd5 Nxd5
22. exd5 h6 23. Rxe5 Rxd5 24. Qf5 Rxd3 25. cxd3 Qc6 26. Re4 hxg5 27. Qxf7+ Kh7
28. Rfe1 {1-0 Areshchenko,A-Dovzik,J/Simferopol 2003/ (33)}) (18... h6 19. Rf3
Nh7 20. Nd5 Bxd5 21. exd5 Bf6 22. fxe5 (22. Bb6 Qb7 23. Bxh7+ Kxh7 24. Qf5+ Kg8
25. Ba5 Rde7 {0-1 Halyavskiy,N-Bocharov,D/St Petersburg 2003/ (43)}) 22... Rxe5
{1/2-1/2 Efimenko,Z-Bocharov,D/Istanbul 2003/ (22)}) 19. fxe5 dxe5 20. Bg5 Rd6
21. Bxf6 (21. Re3 Qd7 {1/2-1/2 Hernandez,G-Lukov,V/France 2002/ (21)}) 21...
Bxf6 22. a4 bxa4 23. Nxa4 Bg5 24. b3 Bf4 25. g3 Bh6 {0-1 Fogarasi,T-Ribli,Z/
Hungary 1998/ (47)}) (18. fxe5 dxe5 19. Nd5 Qd6 (19... Bxd5 20. exd5 Rxd5 21.
Rxf6 Bxf6 22. Qxh7+ Kf8 23. Bc3 a5 24. Qe4 Red8 25. Rf1 {1/2-1/2 Lengyel,
B-Dencsi,T/Budapest 2002/ (47)}) 20. Bc3 Bd8 21. Rf5 Bc8 22. Qg3 Nxd5 23. exd5
f6 24. Rh5 e4 25. Qxd6 Rxd6 26. Bb4 Rd7 27. Rxe4 Rxe4 28. Bxe4 g6 29. Rh3 f5
30. Bd3 Rxd5 {0-1 Gaston,S-Antal,G/Paris 2000/ (54)}) (18. Bf2 Rdd8 19. Bh4 Qc8
20. Qf3 Qg4 21. Bg3 Qxf3 22. gxf3 Nh5 23. fxe5 Nxg3+ 24. hxg3 dxe5 {1/2-1/2
Horvath,T-De Sousa,J/Eger 1997/ (40)}) 18... Bd8 19. Re3 (19. Nd5 $5 Bxd5 (
19... Qc8 20. c3 Nxd5 (20... Bxd5 21. exd5 e4 22. Bc2 Qc4 23. Bd4 Rc7 24. Rf2
Qxd5 25. Bxf6 Bxf6 26. Rfe2 g6 27. Bxe4 $14)) 20. exd5 e4 21. Bd4 $1 exd3 (
21... Rde7 $2 22. Bxf6 gxf6 23. Re3 $18) 22. Bxf6 Rxe1 23. Rxe1 Be7 $1 24. Bc3
(24. Qg4 g6) 24... dxc2 25. Qf5 Qb7 $11) 19... Rde7 20. Rg3 (20. Nd5 $2 Nxd5
21. exd5 e4 22. Be2 Qxc2 $19) 20... exf4 21. Rxf4 Re5 (21... Nxe4 22. Nxe4 Bxe4
23. Rxg7+ Kxg7 24. Bd4+ Re5 25. Bxe4 $16) 22. Bd4 (22. Rf5 Bxe4 23. Qh6 g6 24.
Rxe5 Rxe5 25. Bd4 Rh5 26. Qe3 d5 $15) 22... Bc8 $6 (22... Nh5 $5 23. Bxe5 Rxe5
24. Rgg4 Nxf4 25. Rxf4 Bg5 $15) 23. Qh6 $2 {[%mdl 64] Mistakes in games are
often misteriously paired, both players ignore much better alternatives to
their peril.} (23. Nd5 $1 Nxd5 (23... Qb7 24. Bxe5 dxe5 (24... Bxh3 25. Nxf6+
Bxf6 26. Bxf6 Bxg2+ 27. Kxg2 g6 28. Rg5 $18) 25. Qh6 Nh5 26. Qxh5 exf4 27. Rf3
$14) 24. Qh6 f5 (24... f6 25. Rh4 g5 26. exd5 Bf5 27. h3 Rxd5 28. Bxf6 Bxf6 29.
Qxf6 Bxd3 30. Rxd3 $11) 25. exd5 Re1+ 26. Rf1 Rxf1+ 27. Bxf1 Re7 28. Qf4 Re4
29. Qd2 g6 30. b3 $14) 23... Nh5 $1 24. Rxg7+ $2 (24. Rff3 R8e6 25. Qd2 Nxg3+
26. Rxg3 Bb7 27. Bxe5 Rxe5 $15) 24... Nxg7 25. Nd5 (25. Bxe5 dxe5 26. Rf3 Re6
$19) 25... R8e6 (25... Qd7 26. Bxe5 dxe5 27. Rf3 Re6 $19) 26. Qxe6 (26. Qxg7+
Kxg7 27. Nxc7 Bxc7 $19) (26. Qh3 Rxd5 $19) 26... Nxe6 27. Rg4+ Rg5 (27... Rg5
28. Rxg5+ Bxg5 29. Nxc7 Nxd4 $19) 0-1

[Event "Olympiad-36"]
[Site "Mallorca"]
[Date "2004.10.17"]
[Round "3"]
[White "Volokitin, Andrei"]
[Black "Babula, Vlastimil"]
[Result "1-0"]
[WhiteElo "2652"]
[BlackElo "2571"]
[Annotator "Ftacnik,L"]
[PlyCount "63"]
[EventDate "2004.10.15"]
[EventType "team-swiss"]
[EventRounds "14"]
[EventCountry "ESP"]
[SourceTitle "CBM 104"]
[Source "ChessBase"]
[SourceDate "2005.01.27"]
[SourceVersion "1"]
[SourceVersionDate "2005.01.27"]
[SourceQuality "1"]
[WhiteTeam "Ukraine"]
[BlackTeam "Czech Republic"]
[WhiteTeamCountry "UKR"]
[BlackTeamCountry "CZE"]

1. e4 c5 2. Nf3 d6 3. d4 cxd4 4. Nxd4 Nf6 5. Nc3 e6 6. Be2 Be7 7. O-O O-O 8. f4
a6 9. a4 Nc6 10. Be3 Qc7 11. Kh1 Re8 12. Qd2 Rb8 13. a5 $5 $146 {[%mdl 8] The
idea of playing a4-a5 is creeping into the Scheveningen schemes, but in this
very position it is new.} (13. Rad1 b6 (13... Bd7 14. Nb3 Bc8 15. Bf3 b6 16. e5
dxe5 17. Bxc6 Qxc6 18. fxe5 Ne4 19. Nxe4 Qxe4 20. Qf2 Rf8 21. Rd4 {1-0
Zagrebelny,S-Sundararajan,K/Calcutta 1999/ (34)}) (13... Bf8 14. Bf3 e5 15.
Nxc6 bxc6 16. fxe5 dxe5 17. b3 Be6 18. Qe2 a5 19. h3 h6 20. Bf2 {1/2-1/2 Yang
Xian-Liang Jinrong/China 1987/ (31)}) 14. e5 dxe5 15. Nxc6 Qxc6 16. fxe5 Nd7
17. Bd4 Bb7 18. Bf3 Qc7 19. Qe2 Bc5 20. Bxb7 Bxd4 21. Rxd4 Qxb7 22. Ne4 {
1-0 King,D-Rother,C/Germany 1987/ (53)}) (13. Bd3 Nxd4 14. Bxd4 e5 15. Ba7 Ra8
16. Bg1 exf4 17. Qxf4 Be6 18. Nd5 Bxd5 19. exd5 Bf8 20. Bd4 Nh5 21. Qh4 g6 22.
g4 Ng7 23. Rf3 {1-0 Dolmatov,S-Muhutdinov,M/Cetinje 1992/ (83)}) (13. Bf3 Bf8
14. Rad1 Na5 15. Qf2 Nc4 16. Bc1 e5 17. Nf5 exf4 18. Qh4 Bxf5 19. exf5 Ne3 20.
Bxe3 fxe3 21. g4 Qc4 22. Rfe1 b5 {0-1 Nielsen,P-Cvitan,O/Forli 1992/ (29)})
13... Nxa5 (13... Nd7 14. Bf3 Nxa5 15. Ncb5 axb5 16. Qxa5 $14) 14. e5 dxe5 (
14... Nd7 $2 15. exd6 Bxd6 16. Ndb5 axb5 17. Nxb5 $18) 15. fxe5 Nd7 (15... Qxe5
16. Bf4 $18) 16. Bf4 Nc4 ({The more severe test for the Volokitin's brave idea
might have been the courageous} 16... Nxe5 $5 17. Ncb5 (17. Ne4 b6 18. Qe3 f6
19. c3 $13) 17... axb5 18. Nxb5 Qc5 19. Rxa5 Rd8 20. Qe1 f6 $13) 17. Bxc4 Qxc4
18. b3 (18. Qf2 Rf8 19. Ne4 Qd5 20. Qe3 Nc5 $11) 18... Qb4 (18... Qc5 19. Qf2
b6 20. Ne4 Qd5 21. Rae1 $14) 19. Ra4 Qb6 20. Qf2 Ra8 (20... Bc5 21. Bh6 (21.
Ne4 Rf8 22. Be3 $14) 21... Re7 22. Qg3 f6 23. exf6 Rf7 24. Nf3 $14) 21. Be3 Rf8
(21... f6 22. Qg3 g6 23. Ndb5 Qc6 (23... Qd8 24. Nc7 $1 Qxc7 25. exf6 $18) 24.
Rc4 axb5 25. Rxc6 bxc6 26. exf6 $16) 22. Nf5 $1 {[%mdl 128] It makes a lot of
sense to destroy the dark squared bishop on e7, Babula's defence will become
very problematic.} Qd8 23. Nxe7+ Qxe7 24. Ne4 Nxe5 (24... b5 25. Raa1 Bb7 (
25... a5 26. Qg3 Kh8 27. Bg5 $16) 26. Bg5 Qb4 27. Nd6 Bc6 28. Qg3 $16) 25. Bc5
Qd8 (25... Qe8 26. Qg3 Ng6 27. Bxf8 Qxf8 28. c4 $16) 26. Rd4 Nd7 (26... Qe8 27.
Nf6+ gxf6 28. Qxf6 Ng6 (28... Nd7 29. Rg4#) 29. Bxf8 Nxf8 30. Rd8 $18) (26...
Bd7 27. Qg3 Ng6 28. Rfd1 $18) 27. Bxf8 Qxf8 28. Qd2 Qe7 (28... f5 29. Nd6 Nf6
30. Nxf5 exf5 31. Rd8 Ne8 32. Re1 $18) 29. Nd6 Nf6 30. Nf5 $1 exf5 31. Rd8+ Ne8
32. Re1 {A nice attacking game filled up with youthful energy.} 1-0